000 00526nam a2200193Ia 4500
005 20250923145702.0
008 008 250917s9999 xx 000 0 eng d
037 _aTextual
040 _aDSWL
_beng
_cDSWL
041 _aeng
_2eng
084 _aL7:4:691, N77
_qDSWL
245 0 _aPsychiatric diagnosis
_c by V.M. Rakoff
260 _aLondon
_bMacmillan
_c1978
300 _axiii,240 p.
365 _aINR
_b142.20
925 _g142.20
942 _cTEXL
_hL7:4:691, N77
999 _c1454338
_d1454338